000 01179nam a2200325 i 4500
001 000042392
003 DO-SdBNP
005 20251010101557.0
007 ta
008 131128s2005 dr ac 001 0 spa d
020 _a9993491381
040 _aDO-SdBNP
_bspa
_cBNPHU
_erda
041 _aspa
082 4 _a781.6297293
_bC436a
_222
100 1 _aChaljub Mejía, Rafael
_d1942-
_918985
_eautor
_4aut.
245 1 0 _aAntes de que te vayas... :
_btrayectoria del merengue folclórica /
_cRafael Chaljub Mejía.
250 _a2a. ed.
264 4 _aSanto Domingo, República Dominicana :
_bGrupo León Jimenes,
_c©2005.
300 _axxxii, 416, [1] páginas :
_bilustraciones, retratos ;
_c26 cm.
336 _atexto
_btxt
_2rdacontent
337 _asin mediación
_bn
_2rdamedia
338 _avolumen
_bnc
_2rdacarrier
490 0 _aColección Centenario Grupo León Jimenes
500 _aIncluye índice
650 4 _aMerengue (Música)
_91101
_zRepública Dominicana
650 0 _aMúsica folclórica
_953029
_xMerengue
_zRepública Dominicana
650 0 _aMúsica popular
_938078
_zRepública Dominicana
910 _aValidado. Control de calidad/MAA
942 _2ddc
_cLBS1
999 _c41881
_d41881